000 00815nam0a22002531 4500
001 rc\2643439
005 20250529190115.0
035 _a(NLR Aleph) 006951259
090 _a5249680
_c5249680
100 _a20110607d1931 |||y0rusy50 ca
101 0 _arus
102 _aRU
105 _ay z |||||
200 1 _aГреция
_fПетро П-ве
210 _a[Москва]
_cОгиз
_cМол. гвардия
_d1931
_gтип. "Рабочий ленинец"
215 _a45, [2] с.
_d17×12 см
225 1 _aКлассы, партии и союзы молодежи мира
_fПод ред. Л. Перчика
702 1 _aПерчик
_bЛ.
_4340
702 1 _aПетро
_bП. в.
_gП-ве
_4570
801 0 _aRU
_bNLR
_gpsbo
801 1 _aRU
_bELAR
_2rusmarc
852 _aNLR
_j31-8/6
942 _cBOOK
980 _aNB